|
|
|
|
| LEADER |
00883cam a2200217 7i4500 |
| 001 |
0000043660 |
| 005 |
20130318090000.0 |
| 020 |
|
|
|a 9789792582246 (hbk.)
|
| 090 |
0 |
0 |
|a BP166.4
|b .M38 2008
|
| 100 |
1 |
|
|a al-Maghluts, Sami bin Abdullah
|
| 245 |
1 |
0 |
|a Atlas sejarah para Nabi & Rasul :
|b menggali nilai-nilai kehidupan para utusan Allah
|c Sami bin Abdullah al-Maghluts ; penerjemah, Qasim Saleh, Dewi Kournia Sari ; editor, Abdur Rosyid Maskur.
|
| 246 |
3 |
|
|a Atlas sejarah para Nabi dan Rasul.
|
| 260 |
|
|
|a Jakarta Timur:
|b Penerbit Almahira,
|c 2008.
|
| 300 |
|
|
|a xvi, 314 p.:
|b col. ill.;
|c 29 cm.
|
| 650 |
0 |
0 |
|a Islam --
|x History
|
| 650 |
0 |
0 |
|a Prophets --
|x Pre-Islamic --
|x History
|
| 700 |
1 |
|
|a Maskur, Abdur Rosyid
|
| 700 |
1 |
|
|a Sari, Dewi Kournia
|
| 700 |
1 |
|
|a Saleh, Qasim
|
| 997 |
|
|
|a Centre for Graduate Studies
|
| 999 |
|
|
|a 0000051901
|b BOK
|c REFERENCE
|e Ground Floor, Bestari Jaya
|